| 000 | 00731nam a22002412 4500 | ||
|---|---|---|---|
| 001 | 0000003889 | ||
| 005 | 20151217145743.0 | ||
| 008 | 070516s xx 000 0 eng d | ||
| 020 | _a0314063536 : | ||
| 040 |
_aKABU _cKABU |
||
| 050 | 0 |
_aQD33 _b.U45 1996 |
|
| 100 | 1 |
_aUmland, Jean B. _@0000154112 |
|
| 245 | 1 | 0 |
_aGeneral chemistry / _cJean B. Umland, Jon M. Bellama. |
| 250 | _a2nd ed. | ||
| 260 |
_aPacific Grove : _bBrooks/Cole Pub. Co., _cc1996. |
||
| 300 |
_axxviii, 972, 84, 42 p. : _bill. (some col.) ; _c26 cm. |
||
| 500 | _aIncludes index. | ||
| 650 | 0 |
_aChemistry. _@0000148202 |
|
| 700 | 1 |
_aBellama, Jon M. _@0000154113 |
|
| 908 | _a070516 | ||
| 950 | _@1 | ||
| 999 |
_c2278 _d2278 |
||